000 00988cam a22003015i 4500
001 18039156
003 EG-ScBUE
005 20250629092843.0
008 140211t2014 gw adk f 001 0 eng d
020 _a9783319052984
040 _aEG-ScBUE
_beng
_erda
_cEG-ScBUE
_dEG-ScBUE
082 0 4 _222
_a538.3
_bMAG
245 0 0 _aMagnetic resonance and its applications /
_cVladimir I. Chizhik [and five others]
264 1 _aHeidelberg :
_bSpringer,
_c[2014]
264 4 _cc2014
300 _axx, 782 pages :
_bcharts, forms, tables ;
_c24 cm
336 _2rdacontent
_atext
_btxt
337 _aunmediated
_2rdamedia
_bn
338 _avolume
_bnc
_2rdacarrier
500 _aIncludes appendixes.
500 _aIncludes index.
650 7 _937408
_aMagnetic resonance.
_2BUEsh
650 7 _96004
_aNuclear magnetic resonance.
_2BUEsh
653 _bENGELC
_cFebruary2015
655 _vReading book
_934232
700 1 _aChizhik, V. I.
_q(Vladimir Ivanovich),
_eauthor.
_937407
942 _2ddc
_cBB
999 _c18978
_d18950